Koncepčné východiská a systémové predpoklady pre rast efektívnosti a kvality súčasného systému územnej verejnej správy v podmienkach jej reformy v SR vedecko-výskumná štúdia
Uložené v:
| Hlavný autor: | |
|---|---|
| Korporativný autor: | |
| Médium: | Kniha |
| Jazyk: | Slovak |
| Vydavateľské údaje: |
Bratislava
Sprint
2008
|
| Predmet: | |
| Tagy: |
Žiadne tagy, Buďte prvý, kto otaguje tento záznam!
|
MARC
| LEADER | 00000nam$a2200000$$$4500 | ||
|---|---|---|---|
| 001 | 0082235 | ||
| 005 | 20240223110224.4 | ||
| 020 | |a 978-80-969927-3-7 | ||
| 041 | 0 | |a slo | |
| 044 | |a SK | ||
| 245 | 1 | 0 | |a Koncepčné východiská a systémové predpoklady pre rast efektívnosti a kvality súčasného systému územnej verejnej správy v podmienkach jej reformy v SR |b vedecko-výskumná štúdia |c vedúca riešiteľského kolektívu: Viera Cibáková |
| 264 | 1 | |a Bratislava |b Sprint |c 2008 | |
| 300 | |a 169 s. | ||
| 610 | 2 | 0 | |a správa verejná |
| 610 | 2 | 0 | |a reformy |
| 610 | 2 | 0 | |a porovnanie medzinárodné |
| 610 | 2 | 0 | |a sektor verejný |
| 610 | 2 | 0 | |a transformácia |
| 610 | 2 | 0 | |a štát |
| 610 | 2 | 0 | |a vláda |
| 610 | 2 | 0 | |a systémy politické |
| 610 | 2 | 0 | |a štát právny |
| 610 | 2 | 0 | |a financie verejné |
| 610 | 2 | 0 | |a štát sociálny |
| 610 | 2 | 0 | |a kríza |
| 610 | 2 | 0 | |a voľba verejná |
| 610 | 2 | 0 | |a analýzy |
| 610 | 2 | 0 | |a efektívnosť |
| 610 | 2 | 0 | |a politika regionálna |
| 610 | 2 | 0 | |a štruktúra regionálna |
| 610 | 2 | 0 | |a rozvoj hospodársky |
| 610 | 2 | 0 | |a plánovanie regionálne |
| 610 | 2 | 0 | |a úroveň rozvoja hospodárskeho |
| 610 | 2 | 0 | |a kompetencie |
| 610 | 2 | 0 | |a Slovensko |
| 610 | 2 | 0 | |a Európska únia |
| 100 | 1 | |a Cibáková, Viera | |
| 710 | 2 | |a Vysoká škola ekonómie a manažmentu verejnej správy v Bratislave | |